Asian & South Pacific Island Capitals - Statistics

General Stats
  • This quiz has been taken 170 times
  • The average score is 17 of 24
Answer Stats
Hint Answer % Correct
Philippines Manila
94%
Singapore Singapore
92%
Taiwan Taipei
92%
Indonesia Jakarta
91%
Malaysia Kuala Lumpur
91%
Maldives Male
87%
East Timor Dili
86%
Bangladesh Dhaka
84%
Nepal Kathmandu
84%
Fiji Suva
81%
Papua New Guinea Port Moresby
79%
Samoa Apia
76%
Brunei Bandar Seri Begawan
71%
Tuvalu Funafuti
70%
Tonga Nuku'Alofa
67%
Sri Lanka Sri Jayawardenapura Kotte
64%
Solomon Islands Honiara
61%
Vanuatu Port Vila
60%
Kiribati South Tarawa
59%
Bhutan Thimpu
57%
Palau Ngerulmud
56%
Federated States of Micronesia Palikir
51%
Marshall Islands Majuro
49%
Nauru Yaren District
10%
No matching quizzes found
Score Distribution
Percent of People with Each Score
Percentile by Number Answered
Your Score History
You have not taken this quiz